Madurez y educación sexual /
| Autore principale: | |
|---|---|
| Natura: | Libro |
| Lingua: | spagnolo |
| Pubblicazione: |
[España] :
s.n.,
s.f
|
| Soggetti: |
MARC
| LEADER | 00000nam a2200000Ia 4500 | ||
|---|---|---|---|
| 008 | 180404bs s ||||| |||| 00| | spa d | ||
| 999 | |c 1688 |d 1688 | ||
| 090 | |a 06.03.04 |b 1570 | ||
| 100 | 1 | |a García Hoz, Victor |9 1464 | |
| 245 | 1 | 0 | |a Madurez y educación sexual / |c Víctor García Hoz |
| 260 | |a [España] : |b s.n., |c s.f | ||
| 300 | |a 36 páginas | ||
| 650 | 1 | 4 | |a EDUCACIÓN SEXUAL |9 1552 |
| 650 | 1 | 4 | |a SEXUALIDAD |9 48 |
| 650 | 1 | 4 | |a ÉTICA |9 563 |
| 942 | |i 003220 |h 06.03.04 1570 |2 z |c 01 | ||
